000 00882nam0a22002531 4500
001 rc\962430
005 20041129100527.0
035 _a(NLR Aleph) 006132042
090 _a5571874
_c5571874
100 _a20041129d1982 u |0rusy50 ca
101 0 _arus
102 _aRU
105 _aa |||||||||
200 1 _aМеталлические конструкции
_e(Спецкурс для студентов-иностранцев строит. фак.)
_eУчеб. пособие
210 _aКиев
_cКИСИ
_d1982
215 _a104 с.
_cил.
_d20
300 _aВ надзаг.: Киев. инж.-строит. ин-т
320 _aБиблиогр.: с. 103 (9 назв.)
700 1 _aТарасенко
_bВ. Л.
_gВладимир Лукьянович
801 0 _aRU
_bNLR
_gpsbo
801 1 _aRU
_bELAR
_2rusmarc
852 _aNLR
_j82-3/10219
942 _cBOOK
980 _aNB